Introducción evolucionista a la psicología
Guardat en:
| Autor principal: | |
|---|---|
| Format: | Llibre |
| Idioma: | espanyol |
| Publicat: |
Barcelona
Martínez Roca
1987
|
| Col·lecció: | Breviarios de conducta humana
|
| Matèries: | |
| Etiquetes: |
Afegir etiqueta
Sense etiquetes, Sigues el primer a etiquetar aquest registre!
|
MARC
| LEADER | 00000nam a2200000 a 4500 | ||
|---|---|---|---|
| 001 | UCX9811 | ||
| 003 | CL-VaPUC | ||
| 008 | 940628e19870000SP |||||||||||||||||spa|d | ||
| 082 | 0 | 4 | |a 150 |b LUR |2 21 |
| 100 | |a Luria, Aleksander Romanovich |e autor |9 549746 | ||
| 245 | 1 | 0 | |a Introducción evolucionista a la psicología |
| 300 | |a 160 p | ||
| 942 | |c BK | ||
| 945 | |d 19940628 00:00:00 |a rbrito | ||
| 260 | |a Barcelona |b Martínez Roca |c 1987 | ||
| 650 | 0 | |a Psicología |9 257863 | |
| 583 | |a last modification |c 19940628 00:00:00 |k Rodrigo Vera | ||
| 490 | 0 | |a Breviarios de conducta humana | |
| 999 | |c 228944 |d 228942 | ||
| 952 | |0 0 |1 0 |4 0 |6 150_000000000000000_LUR_1987 |7 0 |8 A |9 229452 |a BIBEDU |b BIBEDU |d 2019-11-15 |i 2988135 |o 150 LUR 1987 |p 2988135 |r 2019-11-15 |w 2019-11-15 |y BK |k PSI | ||